00524nam a2200193 a 4500001001300000003000900013005001700022008004100039020001000080082001700090100002000107245005900127260003000186300000900216500003500225505001000260650004000270700002000310nice12345678IN_TiNIC20260116011715.0050524s1972 leia grp 000 0 eng  ac10000a291.172bSAH aSahas, Daniel J aJohn of Damascus on Islamb Heresy of the Ishmaelites. aLeidenbE. J. Brillc1972 a171p aincludes index and biblioraphy2 aIndex aInterfaith Dialogue-Christian Musli1 aSahas, Daniel J